| 000 | 00512nam a2200181Ia 4500 | ||
|---|---|---|---|
| 003 | GCL | ||
| 008 | 140319s9999 xx 000 0 ara d | ||
| 040 |
_aGCL / _cGCL |
||
| 082 | 0 | 4 |
_a810.9 _bس ب |
| 100 | 1 | _aسيد حامد النساج | |
| 245 | 1 | 0 |
_aبحوث ودراسات ادبية / _cسيد حامد النساج |
| 260 |
_a[S.N] : _bدار المعارف ، _c1993 |
||
| 300 | _a412 ص | ||
| 490 | _a | ||
| 650 | 0 | 4 | _aالادب العربى |
| 650 | 0 | 4 | _aالعصر الحديث |
| 942 |
_2ddc _cBK |
||
| 999 |
_c55776 _d55776 |
||